000 01181nam a22003017i 4500
003 EG-GICUC
005 20260124042735.0
008 260124s1986 ua ||||fr|||| 00| 0 ara d
040 _a EG-GICUC
_bara
_c EG-GICUC
_d EG-GICUC
_erda
041 0 _aara
082 0 4 _221
_a345.6231
_bع ب . ت
092 0 4 _221
099 _aLaw1 07 345.6231 ع ب . ت 1986
100 0 _aعبد الغني بسيوني عبد الله
_eمؤلف.
245 1 2 _aالتفويض في السلطة الإدارية /
_cالدكتور عبد الغني بسيوني عبد الله.
264 1 _aالإسكندرية :
_bالدار الجامعية،
_c1986.
300 _a167 صفحة؛
_c24 سم.
336 _2rda content
_atext
337 _2rda media
_aComputer
338 _2rda carrier
_aOnline Resource
504 _aيشتمل على إرجاعات ببليوجرافية.
546 _aالنص أغلبه باللغة العربية مع بعض النصوص الفرنسية
650 1 4 _aالتفويض في الاختصاص
650 1 4 _aالقانون الإداري
856 4 0 _uhttps://fll.law.cu.edu.eg/fulltext/bks/B07-02209.pdf
905 _a32
942 _2ddc
_cBK
_e21
_n0
999 _c58830
_d58830